000 00269nam a2200109Ia 4500
008 190216s9999||||xx |||||||||||||| ||und||
100 _aMahesh Chandra
245 0 _aIncome Tax Law And Practice
260 _bHimalaya Publishing House
_c1979
300 _a636p
942 _cBK
999 _c4395
_d4395